Solved problems in classical mechanics: Analytical and numerical solutions with comments (Record no. 15592)

MARC details
000 -LEADER
fixed length control field 01005nam a2200325Ia 4500
003 - CONTROL NUMBER IDENTIFIER
control field OSt
005 - DATE AND TIME OF LATEST TRANSACTION
control field 20220912144659.0
008 - FIXED-LENGTH DATA ELEMENTS--GENERAL INFORMATION
fixed length control field 220909b |||||||| |||| 00| 0 eng d
020 ## - INTERNATIONAL STANDARD BOOK NUMBER
International Standard Book Number 9780199668328 (pkb)
020 ## - INTERNATIONAL STANDARD BOOK NUMBER
International Standard Book Number SL01558744
037 ## - SOURCE OF ACQUISITION
Terms of availability Textual
040 ## - CATALOGING SOURCE
Original cataloging agency CSL
Language of cataloging eng
Transcribing agency CSL
041 ## - LANGUAGE CODE
Language code of text/sound track or separate title eng
100 ## - MAIN ENTRY--PERSONAL NAME
Personal name De Lange O L; Pierrus J
245 #0 - TITLE STATEMENT
Title Solved problems in classical mechanics: Analytical and numerical solutions with comments
260 ## - PUBLICATION, DISTRIBUTION, ETC.
Place of publication, distribution, etc. Oxford
Name of publisher, distributor, etc. Oxford Univ Press
Date of publication, distribution, etc. 2010
300 ## - PHYSICAL DESCRIPTION
Extent viii,599p.
500 ## - GENERAL NOTE
General note Appendix 588-589p.; Index 590-599p.
650 ## - SUBJECT ADDED ENTRY--TOPICAL TERM
Topical term or geographic name entry element Classical mechanics
650 ## - SUBJECT ADDED ENTRY--TOPICAL TERM
Topical term or geographic name entry element Linear oscillation
650 ## - SUBJECT ADDED ENTRY--TOPICAL TERM
Topical term or geographic name entry element Physics
700 ## - ADDED ENTRY--PERSONAL NAME
Personal name De Lange O L; Pierrus J
942 ## - ADDED ENTRY ELEMENTS (KOHA)
Classification part B7, Q0;1-;5
Koha item type Textual
Source of classification or shelving scheme Colon Classification (CC)
Holdings
Withdrawn status Lost status Damaged status Not for loan Home library Current library Date acquired Source of acquisition Total Checkouts Full call number Barcode Date last seen Price effective from Koha item type
        Central Science Library Central Science Library 2022-09-12 5200, 06/08/2012, New India Book Agency   B7 Q0;1-;5 SL1558744 2022-09-12 2022-09-12 Textual
Copyright @ Delhi University Library System